Muzeum mojej nędzy : wiersze i miniatury /
Saved in:
| Main Author: | |
|---|---|
| Format: | Book |
| Language: | Polish |
| Published: |
Kraków :
Wydawn. Literackie,
1997.
|
| Edition: | Wyd. 1. |
| Tags: |
Add Tag
No Tags, Be the first to tag this record!
|
| LEADER | 00471nam a22001697a 4500 | ||
|---|---|---|---|
| 001 | 007710311-4 | ||
| 005 | 20020606104010.5 | ||
| 008 | 980218s1997 pl 000|1 pol d | ||
| 020 | |a 830802758X | ||
| 035 | 0 | |a ocm39901578 | |
| 100 | 1 | |a Majewski, Lech Janusz, |d 1953- | |
| 245 | 1 | 0 | |a Muzeum mojej nędzy : |b wiersze i miniatury / |c Lech Janusz Majewski. |
| 250 | |a Wyd. 1. | ||
| 260 | |a Kraków : |b Wydawn. Literackie, |c 1997. | ||
| 300 | |a 79 p. ; |c 19 cm. | ||
| 988 | |a 20020608 | ||
| 906 | |0 MH | ||


